Los dueños de Chile
Guardat en:
| Autor principal: | |
|---|---|
| Format: | Llibre |
| Idioma: | espanyol |
| Publicat: |
Santiago
La Huella
2002
|
| Matèries: | |
| Etiquetes: |
Afegir etiqueta
Sense etiquetes, Sigues el primer a etiquetar aquest registre!
|
MARC
| LEADER | 00000nam a2200000 a 4500 | ||
|---|---|---|---|
| 001 | UCM7479 | ||
| 003 | CL-VaPUC | ||
| 008 | 021220e20020000CL |||||||||||||||||spa|d | ||
| 082 | 0 | 4 | |a 303.34 |b CAR |2 21 |
| 100 | 0 | |a Carmona Ulloa, Ernesto |e author |9 473080 | |
| 245 | 1 | 4 | |a Los dueños de Chile |
| 300 | |a 256 p | ||
| 942 | |c BK | ||
| 945 | |d 20021220 00:00:00 |a cmena | ||
| 260 | |a Santiago |b La Huella |c 2002 | ||
| 650 | 0 | |a Liderazgo |9 271835 | |
| 650 | 7 | |a PODER ECONOMICO |2 CL-VaPUC |9 338221 | |
| 650 | 0 | |a Influencia social |9 309315 | |
| 650 | 0 | |a Grupos sociales |9 268887 | |
| 650 | 7 | |a EMPRESAS CHILENAS |2 CL-VaPUC |9 413234 | |
| 650 | 7 | |a EMPRESAS TRANSNACIONALES |2 CL-VaPUC |9 341813 | |
| 650 | 0 | |a Inversiones de capital |9 271545 | |
| 583 | |a last modification |c 20021220 00:00:00 |k Rodrigo Vera | ||
| 999 | |c 302270 |d 302268 | ||
| 952 | |0 0 |1 0 |2 ddc |4 0 |6 303_340000000000000_CAR_2002 |7 0 |8 A |9 362442 |a BIBCUR |b BIBCUR |c PAC |d 2019-11-21 |i 386099K |o 303.34 CAR 2002 |p 386099K |r 2025-04-22 |w 2019-11-21 |y BK |k PER | ||